Náhrada škody

Zamestnávatelia sú povinní vytvárať také pracovné podmienky, aby nedochádzalo k ohrozeniu života, zdravia a majetku a v prípade zistenia nedostatkov sú povinní učiniť opatrenia na ich odstránenie. S týmto cieľom sú zamestnávatelia oprávnení vykonávať kontrolu vecí, ktoré zamestnanci vnášajú na praco...

Descripción completa

Guardado en:
Detalles Bibliográficos
Autor principal: Kubíková, Jana
Formato: Capítulo de libro
Lenguaje:eslovaco
Materias:
Etiquetas: Agregar Etiqueta
Sin Etiquetas, Sea el primero en etiquetar este registro!

MARC

LEADER 00000naa a2200000 4500
001 0288608
005 20240417075219.2
041 0 |a slo 
044 |a SK 
245 1 0 |a Náhrada škody  |c Jana Kubíková 
520 |a Zamestnávatelia sú povinní vytvárať také pracovné podmienky, aby nedochádzalo k ohrozeniu života, zdravia a majetku a v prípade zistenia nedostatkov sú povinní učiniť opatrenia na ich odstránenie. S týmto cieľom sú zamestnávatelia oprávnení vykonávať kontrolu vecí, ktoré zamestnanci vnášajú na pracovisko alebo z neho odnášajú. Táto kontrolná právomoc nie je však neobmedzená. Pri jej vykonávaní nesmie dôjsť k porušeniu predpisov o ochrane osobnej slobody a nesmie byť ponižovaná ľudská dôstojnosť. 
610 2 0 |a právo pracovné 
610 2 0 |a vzťahy pracovnoprávne 
610 2 0 |a podmienky pracovné 
610 2 0 |a povinnosti zamestnávateľov 
610 2 0 |a náhrada škody 
610 2 0 |a zamestnanci 
610 2 0 |a zamestnávatelia 
100 1 |a Kubíková, Jana